000 00940nam a22002297a 4500
005 20250421090755.0
008 250421b |||||||| |||| 00| 0 eng d
020 _a978-93-5229-026-0 (hbk)
037 _cTB
040 _aCRL
_cCRL
041 _2hin
_ahin
084 _aO152:g(R5) Q5
_qCRL
100 _aतिवारी, अजय
_9752495
245 _aसौन्दर्यशास्त्र के प्रश्न
260 _aनई दिल्ली, भारत:
_bवाणी प्रकाशन,
_c2015.
300 _a134पृ0
365 _c300.00
_dINR
650 _2सौन्दर्यशास्त्र
650 _2हिन्दी साहित्य
942 _2CC
_cTB
_hO152:g(R5) Q5
_n0
999 _c1309224
_d1309224